000
00292nam a2200109Ia 4500
008
230907s9999||||xx |||||||||||||| ||und||
082
_a
621.3815
_b
ANA
245
0
_a
Analysis and design of analog integrated circuits /
260
_a
Wiley,
_b
New Delhi :
_c
2016
300
_a
881 p.
942
_c
BK
999
_c
601285
_d
601285